Statistics for Biggest Indian Cities by Letter

Click here to take the quiz!

General Stats

  • This quiz has been taken 58 times
  • The average score is 13 of 23

Answer Stats

LetterPopulationCity% Correct
A5,577,940Ahmedabad
100%
M12,442,373Mumbai
100%
D11,034,555Delhi
98%
H6,993,262Hyderabad
96%
B8,443,675Bengaluru
95%
C4,646,732Chennai
95%
J3,046,163Jaipur
91%
K4,496,694Kolkata
91%
P3,124,458Pune
84%
L2,817,105Lucknow
80%
S4,467,797Surat
76%
N2,405,665Nagpur
75%
I1,960,631Indore
64%
F1,404,653Faridabad
36%
R1,286,995Rajkot
29%
V2,035,922Visakhapatnam
27%
W811,844Warangal
27%
G1,636,068Ghaziabad
16%
T1,818,872Thane
15%
E498,129Erode
11%
U515,215Ujjain
5%
Y216,677Yamunanagar
5%
O300,028Ozhukarai
0%

Score Distribution

Percentile by Number Answered

Percent of People with Each Score

Your Score History

You have not taken this quiz